Statistiques concernant PIECES DE 2 EUROS COMMEMORATIVES

Cliquez ici pour prendre le quiz!

Statistiques générales

  • Ce quiz a été pris 13 fois
  • Le résultat moyen est 11 sur 23

Statistiques - réponses

Réponse% Correct
france
100%
espagne
75%
autriche
63%
irlande
63%
lituanie
63%
monaco
63%
pays bas
63%
portugal
63%
chypre
50%
finlande
50%
malte
50%
belgique
38%
estonie
38%
grece
38%
lettonie
38%
luxembourg
38%
saint marin
38%
slovenie
38%
vatican
38%
allemagne
25%
andorre
25%
italie
25%
slovaquie
25%

Distribution des résultats

Percentile par nombre de réponses

% des personnes avec chaque résultat

Votre développement - résultats

Vous n’avez pas pris ce quiz